Windsurfing - revue

Salvato in:
Dettagli Bibliografici
Natura: Libro
Lingua:slovacco
Pubblicazione: Bratislava Šport 1985
Tags: Aggiungi Tag
Nessun Tag, puoi essere il primo ad aggiungerne!!

MARC

LEADER 00000nam a2200000 4500
001 c110348
005 20250917082138.7
041 0 |a slo 
044 |a SK 
245 1 0 |a Windsurfing - revue  |c Jozef Michaláč a kol. 
264 1 |a Bratislava  |b Šport  |c 1985 
300 |a 111 s.